Missing Word: Popular Movie Soundtracks II Quiz Stats

 Plays Quiz Updated Sep 16, 2014

Challenge
Share
Tweet
Embed
Score 0/20 Timer 03:00
1 Play Today
Hint Missing Word % Correct
The ___ of OzWizard
99.5%
Snow White and the ___ DwarfsSeven
97.1%
My ___ LadyFair
96.6%
___ with the WindGone
95.1%
The ___ Horror Picture ShowRocky
93.3%
Pretty in ___Pink
92.5%
Meet ___ In St. LouisMe
91.8%
___-HurBen
90.6%
___ of ArabiaLawrence
86.2%
Bride of ___Frankenstein
80.2%
Hint Missing Word % Correct
Star ___Wars
79.8%
King ___Kong
63.3%
Lost in ___Translation
63.1%
Rock 'n' Roll ___ SchoolHigh
61.4%
Pat Garrett & ___ the KidBilly
55.7%
___ NightsBoogie
53.7%
Doctor ___Zhivago
53.3%
Once Upon a Time in the ___West
50%
U2: Rattle and ___Hum
36.7%
24 Hour Party ___People
21.9%

Today's Daily Dose

Missing Word
No Snow!

Word Ladder
Wild Cats

On This Day
December 16th II

You're not logged in!

Compare scores with friends on all Sporcle quizzes.
OR
Log In

You Might Also Like...

Show Comments

Extras

Top Quizzes Today


Score Distribution

Your Account Isn't Verified!

In order to create a playlist on Sporcle, you need to verify the email address you used during registration. Go to your Sporcle Settings to finish the process.

Report this User

Report this user for behavior that violates our Community Guidelines.

Details: